| 000 | 00527nam a22002051c 4500 | ||
|---|---|---|---|
| 001 | a987677925 | ||
| 008 | 161110s2013 gw |||| 000u rus d | ||
| 020 |
_a9785235034839 _9978-5-235-03483-9 |
||
| 041 | _arus | ||
| 100 | 1 | _aVelikanov, Nikolaj T. | |
| 245 | 0 | 0 | _aMereckov |
| 264 |
_aMoskva : _bMolodaja gvardija, _c2013 |
||
| 300 | _a430 Seiten | ||
| 600 | 0 | _aMereckov, Kirill A. | |
| 655 | 0 | _aBiographie | |
| 942 | _cMG | ||
| 040 | _cRU-10907106 | ||
| 003 | RU-10907106 | ||
| 999 |
_c39871 _d39871 |
||
| 490 | 0 |
_aŽizn' zamečatel'nych ljudej _v1537 |
|